[Event "ESP-ch (Women)"]
[Site "Linares"]
[Date "2017.08.27"]
[Round "9"]
[White "Gavira Valencia, Gizela"]
[Black "Rodriguez Redondo, Adhara"]
[Result "0-1"]
[WhiteElo "1476"]
[BlackElo "1726"]
[PlyCount "104"]
[EventDate "2017.08.21"]
[EventType "swiss"]
[EventRounds "9"]
[EventCountry "ESP"]
[SourceTitle "CBM 180 Extra"]
[Source "ChessBase"]
[SourceDate "2017.10.06"]
[SourceVersion "1"]
[SourceVersionDate "2017.10.06"]
[SourceQuality "1"]

1. d4 Nf6 2. e3 c5 3. c3 b6 4. Bd3 Bb7 5. Nf3 g6 6. 0-0 Bg7 7. b3 0-0 8. Bb2 d6 9. Nbd2 Nbd7 10. e4 Re8 11. Re1 Qc7 12. c4 cxd4 13. Bxd4 e5 14. Bb2 Nc5 15. Bc2 Rad8 16. Qb1 Qc8 17. Nf1 Ne6 18. Ng3 Nf4 19. Kh1 Ng4 20. Rf1 Qc5 21. Qe1 b5 22. h3 Nh6 23. Qe3 bxc4 24. Qxc5 dxc5 25. bxc4 f6 26. Rfd1 Nf7 27. Ba3 Ne6 28. Rab1 Bc6 29. Rxd8 Rxd8 30. Rd1 Rxd1+ 31. Bxd1 Nd6 32. Bb3 Nxe4 33. Nxe4 Bxe4 34. Nd2 Bc6 35. Bc2 Kf7 36. Nb3 Bf8 37. Na5 Nd4 38. Bd3 Ba8 39. f3 f5 40. Bb2 e4 41. Bxd4 cxd4 42. fxe4 fxe4 43. Bc2 Bb4 44. Nb3 d3 45. Bd1 e3 46. Nc1 Be4 47. Kg1 Bd2 48. Ne2 dxe2 49. Bxe2 Ke6 50. g4 Ke5 51. Kh2 Kd4 52. Kg3 Bd3 0-1

[Event "ESP-ch (Women)"]
[Site "Linares"]
[Date "2017.08.22"]
[Round "3"]
[White "Gavira Valencia, Gizela"]
[Black "De la Fuente de la Fuente, Alba"]
[Result "0-1"]
[WhiteElo "1476"]
[BlackElo "1322"]
[PlyCount "107"]
[EventDate "2017.08.21"]
[EventType "swiss"]
[EventRounds "9"]
[EventCountry "ESP"]
[SourceTitle "CBM 180 Extra"]
[Source "ChessBase"]
[SourceDate "2017.10.06"]
[SourceVersion "1"]
[SourceVersionDate "2017.10.06"]
[SourceQuality "1"]

1. d4 Nf6 2. e3 e6 3. f4 d5 4. Bd3 c5 5. c3 Nc6 6. Nf3 Be7 7. 0-0 cxd4 8. cxd4 Nb4 9. Be2 Ne4 10. a3 Nc6 11. Nbd2 0-0 12. Ne5 f6 13. Nxc6 bxc6 14. Nxe4 dxe4 15. Qc2 Qd5 16. Bc4 Qf5 17. b4 Kh8 18. Bb3 Bd7 19. Bb2 Qg6 20. Rac1 f5 21. Rf2 Rac8 22. Qd1 Qe8 23. Bc4 Qd8 24. g3 Qb6 25. g4 a5 26. g5 axb4 27. a4 Qa7 28. Bb3 c5 29. d5 exd5 30. Qxd5 Qc7 31. Be5 Qc6 32. Bxg7+ Kxg7 33. Qe5+ Bf6 34. gxf6+ Qxf6 35. Rg2+ Kh6 36. Rd1 Qxe5 37. fxe5 Be8 38. Rd6+ Bg6 39. Bc4 f4 40. Kf2 fxe3+ 41. Kxe3 Rf3+ 42. Ke2 Rcf8 43. e6 Kh5 44. Rd5+ R8f5 45. Rxf5+ Rxf5 46. a5 Rf8 47. Rg3 Kh6 48. e7 Re8 49. Rg4 Bh5 50. h3 Bxg4+ 51. hxg4 Rxe7 52. Ke3 Kg5 53. a6 Kxg4 54. Be2+ 0-1